00214 a2200097 450000100060000008200120000610000190001824500380003726000320007530000090010763598 a126 USM aUsman Muhammad aIsrar-o-Ramoz Pay Aik NazarhUrdu aLahorebIqbal Academyc1977 a189p